|
|
|
|
| LEADER |
00000nam0a2200000 4500 |
| 001 |
292451 |
| 005 |
20231102000509.0 |
| 035 |
|
|
|a (RuTPU)RU\TPU\book\317071
|
| 090 |
|
|
|a 292451
|
| 100 |
|
|
|a 20150422d1980 k y0rusy50 ca
|
| 101 |
0 |
|
|a rus
|
| 102 |
|
|
|a RU
|
| 105 |
|
|
|a a z 001zy
|
| 200 |
1 |
|
|a Комплексная подготовка производства новых изделий
|f А. А. Горбоконь, С. А. Соколицын
|
| 210 |
|
|
|a Ленинград
|c Машиностроение
|d 1980
|
| 215 |
|
|
|a 264 с.
|c ил.
|
| 320 |
|
|
|a Библиогр.: с. 258-263.
|
| 320 |
|
|
|a Библиогр.: с. 258-263.
|
| 606 |
1 |
|
|a Машиностроение
|x Внедрение передовой технологии и техники
|2 stltpush
|3 (RuTPU)RU\TPU\subj\41429
|9 61220
|
| 606 |
1 |
|
|a Машиностроение
|x Производственный цикл
|2 stltpush
|3 (RuTPU)RU\TPU\subj\41483
|9 61273
|
| 610 |
1 |
|
|a новые изделия
|
| 610 |
1 |
|
|a комплексная подготовка
|
| 610 |
1 |
|
|a производство
|
| 610 |
1 |
|
|a экономическая подготовка
|
| 610 |
1 |
|
|a математические методы
|
| 610 |
1 |
|
|a ЭВМ
|
| 610 |
1 |
|
|a применение
|
| 675 |
|
|
|a 621.002:658.589
|v 3
|
| 675 |
|
|
|a 621.002:658.512
|v 3
|
| 700 |
|
1 |
|a Горбоконь
|b А. А.
|g Анатолий Алексеевич
|
| 701 |
|
1 |
|a Соколицын
|b С. А.
|g Сергей Алексеевич
|
| 801 |
|
1 |
|a RU
|b 63413507
|c 20150422
|
| 801 |
|
2 |
|a RU
|b 63413507
|c 20211217
|g RCR
|
| 942 |
|
|
|c BK
|